Ako robiť kvalitnú a vysokoúčinnú reklamu. 4. Reklamné rozhodnutia.

Reklamné aktivity majú vyvolať pozitívne reakcie u oslovenej osoby v zmysle želania pôvodcu reklamy. Charakteristika rôznych argumentačných polôh slúžiacich dosiahnutiu tohto cieľa. Časovú zladenosť reklamných aktivít zabezpečuje časové plánovanie. Transformáciu v plánovacej fáze prijatých rozhodnut...

Descrizione completa

Salvato in:
Dettagli Bibliografici
Autore principale: Lochner, G.
Natura: Capitolo di libro
Lingua:slovacco
Soggetti:
Tags: Aggiungi Tag
Nessun Tag, puoi essere il primo ad aggiungerne!!

MARC

LEADER 00000naa a2200000 4500
001 r008189
005 20220831085108.4
041 0 |a slo 
044 |a [CS] 
245 1 0 |a Ako robiť kvalitnú a vysokoúčinnú reklamu. 4.  |b Reklamné rozhodnutia.  |c G. Lochner 
520 |a Reklamné aktivity majú vyvolať pozitívne reakcie u oslovenej osoby v zmysle želania pôvodcu reklamy. Charakteristika rôznych argumentačných polôh slúžiacich dosiahnutiu tohto cieľa. Časovú zladenosť reklamných aktivít zabezpečuje časové plánovanie. Transformáciu v plánovacej fáze prijatých rozhodnutí predstavuje realizačná fáza. Jej úseky. 
610 2 0 |a reklama 
610 2 0 |a plánovanie 
610 2 0 |a rozhodovanie 
610 2 0 |a propagácia 
610 2 0 |a prostriedky reklamné 
610 2 0 |a objekty reklamy 
100 1 |a Lochner, G.